000 00770cam a2200217 i 4500
001 3179436
005 20231127014306.0
008 760525s1976 nyua b 000 0 eng
020 _a0912670444
040 _aDLC
_cDLC
_dDLC
082 0 0 _a301.41/2/0951
_222
_bAGE.
100 1 _aSmedley, Agnes,
245 1 0 _aPortraits of Chinese women in revolution /
_cby Agnes Smedley ; edited with an introd. by Jan MacKinnon and Steve MacKinnon ; with an afterword by Florence Howe.
250 _a1st ed.
260 _aOld Westbury, N.Y. :
_bFeminist Press,
_c1976.
300 _axxxv, 203 p. :
650 0 _aWomen
856 4 2 _uhttp://www.loc.gov/catdir/enhancements/fy1005/76018896-d.html
856 4 2 _uhttps://www.loc.gov/catdir/enhancements/fy1612/76018896-b.html
942 _cL
999 _c82
_d82